000 00489nam a2200157 4500
001 116140
003 ES-MaACL
005 20230906190638.0
007 t|
008 061121s1949 sp r ||||1| spa d
100 0 _aParís Eguilaz, Higinio.
_989148
245 1 0 _aDiez años de política económica en España 1939-1949 /
_cpor Higinio Paris Eguilaz.
260 _aMadrid :
_b[s.n.],
_c1949 (
_fImp. Sánchez ocaña)
300 _a291 p. ;
_c24 cm.
852 _aES-MaACL
_jD-7149
_bR.31637
999 _c116140
_d116140